Statistics for Ocean Animals by Picture

Click here to take the quiz!

General Stats

  • This quiz has been taken 847 times
    (782 since last reset)
  • The average score is 16 of 18

Answer Stats

Answer% Correct
Bottlenose Dolphin
98%
Orca
98%
Starfish
98%
Jellyfish
97%
Lobster
97%
Seahorse
97%
Emperor Penguin
96%
Great White Shark
94%
Octopus
94%
Coral
91%
Pelican
87%
Sea Lion
86%
Sea Turtle
85%
Sea Urchin
83%
Tuna
82%
Manatee
79%
Whale Shark
78%
Lionfish
75%

Score Distribution

Percentile by Number Answered

Percent of People with Each Score

Your Score History

You have not taken this quiz since the last reset